000
00296nam a2200145Ia 4500
100
_a
Biswas/Dipali
942
_c
BK
366
_f
20
245
_a
Enhancing Soft skills
260
_b
Shroff Publishers
_c
2009
082
_a
371.6
_b
BIS
300
_a
327
546
_a
ENGLISH
_c
TTL
999
_c
23893
_d
23893